| 000 -LEADER |
| fixed length control field |
01742nam a22001577a 4500 |
| 008 - FIXED-LENGTH DATA ELEMENTS--GENERAL INFORMATION |
| fixed length control field |
210223b ||||| |||| 00| 0 eng d |
| 100 ## - MAIN ENTRY--PERSONAL NAME |
| Personal name |
Zucca, Lorenzo |
| 245 ## - TITLE STATEMENT |
| Title |
Conscience, truth & action |
| 260 ## - PUBLICATION, DISTRIBUTION, ETC. (IMPRINT) |
| Place of publication, distribution, etc |
Daedalus |
| 300 ## - PHYSICAL DESCRIPTION |
| Extent |
149(3), Summer 2020: p.135-147 |
| 520 ## - SUMMARY, ETC. |
| Summary, etc |
Liberal democracies attempt to accommodate conscientious objections without having a clear understanding of the claims of conscience. This might lead to an Antigone claim, when conscience is irreconcilable with state authority. In this essay, I sketch three different models of conscience: a knowledge-based model where conscience gives priority access to moral norms; an emotional model that treats conscience as a natural capability that alerts us to wrongdoing; and a reflection model that argues that conscience works as our inner tribunal. Each model presents a different challenge to political authority. The conflict becomes tragic in Antigone’s sense only when conscience is portrayed as providing knowledge of moral norms. The other two models can be squared with political authority in various ways, but they do not offer a final case for the authority of conscientious claims; at best, they show that political authorities should hear conscientious claims and engage with them in public deliberation. Conscience thus reconstructed can provide a constructive function in any society a) by holding political authorities to account; b) by forcing them to provide reasons for their actions; and, ultimately, c) by refining our deliberative and adjudicative practices to make sure that action is always anchored to truth. - Reproduced
|
| 650 ## - SUBJECT ADDED ENTRY--TOPICAL TERM |
| Topical term or geographic name as entry element |
Liberal democracies |
| 9 (RLIN) |
25089 |
| 773 ## - HOST ITEM ENTRY |
| Main entry heading |
Daedalus |
| 906 ## - LOCAL DATA ELEMENT F, LDF (RLIN) |
| Subject DIP |
DEMOCRACY |
| 942 ## - ADDED ENTRY ELEMENTS (KOHA) |
| Item type |
Articles |